Sermayenin küresel egemenliği ve islam / (Record no. 13728)

MARC details
000 -BAŞLIK
Sabit Uzunlukta Kontrol Alanı 00632nam a22002177a 4500
999 ## - SİSTEM KONTROL NUMARALARI (KOHA)
Koha Biblionumber 13728
Koha Biblioitemnumber 13728
003 - KONTROL NUMARASI IDENTIFIER
Denetim Alanı MIRAKIL
005 - SON İŞLEM TARİHİ VE ZAMANI
Denetim Alanı 20200122124557.0
008 - SABİT-BOY VERİ ELEMANLARI - GENEL BİLGİLER
Sabit Uzunlukta Kontrol Alanı 200122b tu ||||| |||| 00| 0 tur d
020 ## - ULUSLARARASI STANDART KİTAP NUMARASI
Uluslararası Standart Kitap Numarası 9789753510301
040 ## - KATALOGLAMA KAYNAK
Orijinal Kataloglama Ajansı TR-AnCHP
Metne Dönüştürmek Ajansı TR-AnCHP
041 ## - DİL KODU
Metin / Ses Parça Veya Ayrı Başlığın Dil Kodu tur
082 ## - DEWEY ONLU SINIFLANDIRMA NUMARASI
Sınıflandırma Numarası 337.1
Ürün Numarası E62s 2007
100 ## - ANA GİRİŞ - KİŞİSEL İSİM
Kişisel Ad Erdoğdu, Vahap
245 10 - BAŞLIK TABLOSU
Başlık Sermayenin küresel egemenliği ve islam /
Sorumluluk Tablosu, Vb Vahap Erdoğdu.
260 ## - YAYIN, DAĞITIM, VB
Yayın, Dağıtım, Vb Yeri Ankara:
Yayıncı, Dağıtıcı, Vs Adı Onur yayınları,
Yayın, Dağıtım, Vb Tarihi 2007.
300 ## - FİZİKSEL TANIM
Kapsam 237 s.:
Boyutlar 19 sm.
504 ## - KAYNAKÇA VB NOT
Kaynakça Vb Notu Kaynakça vardır.
650 #0 - KONU KATMA GİRİŞ - TOPİKAL DÖNEM
9 (RLIN) 631
Topikal Süreli Veya Coğrafi Ad Giriş Elemanı Küreselleşme
Genel Alt Bölümü Ekonomik açı
650 #0 - KONU KATMA GİRİŞ - TOPİKAL DÖNEM
9 (RLIN) 633
Topikal Süreli Veya Coğrafi Ad Giriş Elemanı Küreselleşme
Genel Alt Bölümü İslam ülkeleri
942 ## - EKLENDİ GİRİŞ ELEMANLARI (KOHA)
Sınıflandırma Veya Raf Düzeni Kaynak Dewey Decimal Classification
Koha Öğesi Türü Books
Holdings
Kalıcı Konum Mevcut Konum Edinme Tarihi Toplam Check-Out'Lar Tam Çağrı Numarası Barkod Tarih Son Görülme İtibaren Geçerli Fiyatlar Koha Öğesi Türü Sigara Kamu Notu
CHP Kütüphanesi CHP Kütüphanesi 01/22/2020   337.1 E62s 2007 013508 01/22/2020 01/22/2020 Books  
Parti Okulu Kütüphanesi Parti Okulu Kütüphanesi 10/26/2021   337.1 E62s 2007 P00889 10/26/2021 10/26/2021 Books Emin Değer Bağışıdır.